| 000 | 00549nam a22001817a 4500 | ||
|---|---|---|---|
| 005 | 20170822144731.0 | ||
| 010 | _aENG-119946 | ||
| 020 |
_a9789381016596 _c330.00 |
||
| 035 | _aEN-103478 | ||
| 037 | _bDBAB/PUB | ||
| 082 | _a248.4 | ||
| 100 | _aMacDonald, William | ||
| 245 |
_aThe disciple's manual / _cby William MacDonald |
||
| 260 |
_aChennai _bMoriah Ministeries _c2015 |
||
| 270 |
_aNo. 31/33, Water Tank Road, MMDA Colony Arumbakkam, _bChennai _e600106 |
||
| 300 |
_ax,398p. _c24cm(pbk) |
||
| 942 |
_2ddc _cEN _h248.4 _mMAC |
||
| 999 |
_c143652 _d143652 |
||